000
00304nam a2200133Ia 4500
100
_a
Wartikar/J.N.& P.N.
490
_v
IV
942
_c
BK
654
_a
engineering
245
_a
Engineering Mathematics IV
260
_b
Pune vidyarthi griha
_a
Pune
_c
1997
082
_a
519
_b
WAR/WAR
546
_a
ENGLISH
999
_c
28387
_d
28387